000 00766nam a2200241Ia 4500
003 OSt
005 20220918105505.0
006 a|||||r|||| 00| 0
007 ta
008 220915b |||||||| |||| 00| 0 hin d
024 _a174345
037 _cReference Collections
040 _aARTS
_cARTS
_bhin
041 _2hin
_ahin
082 _aO152,1J32,11:g, L3(RR)
100 _aसूर्यकान्त
_91648
245 0 _aतुलसी रामायण शब्द सूची
246 _aTulasī rāmāyaṇ shabda sūchī
260 _c1973
650 _aहिन्दी साहित्य
_91649
942 _hO152,1J32,11:g, L3(RR)
_cREF
999 _c107554
_d107554